Anak burung hantu

Bibliographic Details
Format: Book
Published: Selangor : Penerbitan Gedung Ilmu , 2002
Series:Siri kanak-kanak harmoni
Subjects:

MARC

LEADER 00000cam a2200000 7i4500
001 0000000037
005 20220105103907.0
008 070621
020 |a 9674170127X 
020 |a 9835700532 
090 0 0 |a JP   |b MAL (114) 
245 0 0 |a Anak burung hantu 
260 |a Selangor :   |b Penerbitan Gedung Ilmu ,   |c 2002 
440 0 |a Siri kanak-kanak harmoni 
500 |a Children age 4-6 years old (yellow) 
650 0 |a Malay fiction 
999 |a 0000889982   |b Book   |c Children Collection   |e Cawangan Bandar Penawar 
999 |a 0000900775   |b Book   |c Children Collection   |e Cawangan Segamat 
999 |a 0000900776   |b Book   |c Children Collection   |e Cawangan Segamat 
999 |a 0000953743   |b Book   |c Children Collection   |e Cawangan Mersing 
999 |a 0000953818   |b Book   |c Children Collection   |e Cawangan Bandar Penawar 
999 |a 0000953819   |b Book   |c Children Collection   |e Perbadanan Perpustakaan Awam Johor 
999 |a 0000953820   |b Book   |c Children Collection   |e Cawangan Kota Tinggi 
999 |a 0000953821   |b Book   |c Children Collection   |e Perbadanan Perpustakaan Awam Johor 
999 |a 0000955665   |b Book   |c Children Collection   |e Cawangan Taman Universiti 
999 |a 0001164040   |b Book   |c Children Collection   |e Cawangan Bukit Gambir 
999 |a 0001164943   |b Book   |c Children Collection   |e Cawangan Taman Sri Lambak 
999 |a 0001164946   |b Book   |c Children Collection   |e Cawangan Bandar Penawar 
999 |a 0001164951   |b Book   |c Children Collection   |e Cawangan Segamat 
999 |a 0001164952   |b Book   |c Children Collection   |e Cawangan Taman Sri Lambak 
999 |a 0001164953   |b Book   |c Children Collection   |e Cawangan Tmn. Ungku Tun Aminah